| 000 | 00876nas a2200265 i 4500 | ||
|---|---|---|---|
| 001 | 1351 | ||
| 003 | ES-MaACL | ||
| 005 | 20250217134148.0 | ||
| 007 | t| | ||
| 008 | 950801c1925 xxu | | 1 ||ng d | ||
| 022 | _a0097-8507 | ||
| 080 | _a(73) | ||
| 080 | _a80 | ||
| 245 | 0 | 0 |
_aLanguage _b: journal of the Linguistic Society of America. |
| 260 |
_aBaltimore : _bLinguistic Society of America, _c1925- |
||
| 300 |
_a31 v. ; _c26 cm. |
||
| 310 | _aTrimestral | ||
| 362 | 0 | _aV. I (1925)- | |
| 525 | _aPublica los supl. : Bulletin ; Language dissertation y Language monograph, con numeración propia. | ||
| 650 | 1 | 4 |
_aLingüística. Filología. _914477 |
| 710 | 2 |
_aLinguistic Society of America. _95542 |
|
| 852 |
_aES-MaACL _jHEM-H-329 _xHem-1487 _d |
||
| 866 | 0 | _o1975(1976f.supl.n.96)(1982f.supl.n.98)1983-84(1985f.supl.n.109)1986-2005. | |
| 999 |
_c1351 _d1351 |
||